Statistics for Hippie and Psychedelic Anthems

Click here to take the quiz!

General Stats

  • This quiz has been taken 89 times
  • The average score is 8 of 21

Answer Stats

HintAnswer% Correct
"Come Together"Beatles
96%
"Purple Haze"Jimi Hendrix
74%
"Like A Rolling Stone" (original)Bob Dylan
68%
"Star-Spangled Banner" (as played at Woodstock)Jimi Hendrix
67%
"White Rabbit"Jefferson Airplane
64%
"The Times They Are a-Changin'"Bob Dylan
61%
"In-A-Gadda-Da-Vida"Iron Butterfly
46%
Edwin Starr asked this question about war; ____________________?What is it good for
42%
"For What It's Worth"Buffalo Springfield
38%
"Woodstock" (Artist initials only)CSNY
35%
"Ohio" (Artist initials only)CSNY
31%
"Casey Jones"Grateful Dead
29%
"She's A Rainbow"Rolling Stones
28%
"If 6 Was 9"Jimi Hendrix
24%
"The Village Green Preservation Society"Kinks
22%
"The Acid Queen"Who
19%
Merle Haggard was proud to be THIS rather than a hippie; an "____________________"Okie from Muskogee
17%
"Love the One You're With"Stephen Stills
14%
"I Had too Much to Dream (Last Night)"Electric Prunes
13%
Breathe deep b/c Thunderclap News says there's "____________________"Something in the air
11%
"Share the Land"Guess Who
8%

Score Distribution

Percentile by Number Answered

Percent of People with Each Score

Your Score History

You have not taken this quiz